Normal view
MARC view
- Parsons, Son and Basley
Entry Corporate Name
001 - CONTROL NUMBER
- control field: 5462
003 - CONTROL NUMBER IDENTIFIER
- control field: OSt
005 - DATE AND TIME OF LATEST TRANSACTION
- control field: 20190806150243.0
008 - FIXED-LENGTH DATA ELEMENTS
- fixed length control field: 071126n| acannaabn |n ana d
040 ## - CATALOGING SOURCE
- Original cataloging agency: OSt
- Transcribing agency: OSt
110 2# - HEADING--CORPORATE NAME
- Corporate name or jurisdiction name as entry element: Parsons, Son and Basley
670 ## - SOURCE DATA FOUND
- Source citation: Parsons, Son and Basley, [1975]